00528nam a2200205 a 4500001001300000003000900013005001700022008004100039020001000080082001600090100002600106245003700132260003700169300000900206500003500215505001000250650002200260650001400282700002600296nice12345678IN_TiNIC20260116012132.0050524s1951 lona grp 000 0 eng  ac10000a234.13bWEA aWeatherhead, Leslie D aPsychology, Religion and Healing aLondonbHodder & Stoughtonc1951 a544p aincludes index and biblioraphy2 aIndex aHealing-Religious aOccultism1 aWeatherhead, Leslie D